Catálogo
 En Linea

Corpus Documental de Carlos V / (Registro nro. 40677)

Detalles MARC
000 -CABECERA
campo de control de longitud fija 00626nam a2200181 a 4500
001 - NÚMERO DE CONTROL
campo de control 000041187
005 - FECHA Y HORA DE LA ÚLTIMA TRANSACCIÓN
campo de control 20201002034706.0
008 - DATOS DE LONGITUD FIJA--INFORMACIÓN GENERAL
campo de control de longitud fija 130925s1981 sp 001 0 spa d
020 ## - NÚMERO INTERNACIONAL ESTÁNDAR DEL LIBRO
Número Internacional Estándar del Libro 8474811686
040 ## - FUENTE DE LA CATALOGACIÓN
Centro catalogador/agencia de origen DO-SdBNP
Lengua de catalogación spa
Centro/agencia transcriptor BNPHU
245 00 - MENCIÓN DE TÍTULO
Título Corpus Documental de Carlos V /
Mención de responsabilidad, etc. edición crítica dirigida, prologada y anotada por Manuel Fernández Álvarez.
246 13 - FORMA VARIANTE DE TÍTULO
Título propio/Titulo breve Corpus documental de Carlos Quinto.
260 ## - PUBLICACIÓN, DISTRIBUCIÓN, ETC.
Lugar de publicación, distribución, etc. Salamanca :
Nombre del editor, distribuidor, etc. Universidad de Salamanca,
Fecha de publicación, distribución, etc. 1981.
300 ## - DESCRIPCIÓN FÍSICA
Extensión v. ;
Dimensiones 25 cm.
500 ## - NOTA GENERAL
Nota general v. 5
-- Índice
500 ## - NOTA GENERAL
Nota general Incluye índice
700 1# - PUNTO DE ACCESO ADICIONAL--NOMBRE DE PERSONA
Nombre de persona Fernández Álvarez, Manuel,
Fechas asociadas al nombre 1921-2010,
Término indicativo de función/relación ed.
9 (RLIN) 67754
Existencias
Estado de retiro Estado de pérdida Restricciones de uso No para préstamo Código de colección Localización permanente Ubicación/localización actual Ubicación en estantería Fecha de adquisición Número de inventario Total de préstamos Signatura topográfica completa Código de barras Fecha visto por última vez Precio válido a partir de Tipo de ítem Koha
      Excluido de préstamo Monografías: Libros y Folletos General General En catalogación 25.09.2013 LF1   41187-10 25.06.2020 25.06.2020 No se presta

Con tecnología Koha